[Event "ESTCC U50 2018"]
[Site "Walbrzych"]
[Date "2018.04.14"]
[Round "1"]
[White "Bruno, Fabio"]
[Black "Czyz, Andrzej"]
[Result "1-0"]
[WhiteElo "2439"]
[BlackElo "1999"]
[Annotator "TA"]
[PlyCount "113"]
[EventDate "2018.??.??"]
[EventCountry "POL"]
[SourceTitle "playchess.com"]
[Source "ChessBase"]
[SourceQuality "1"]
[WhiteTeam "Italy"]
[BlackTeam "Poland"]
[WhiteTeamCountry "ITA"]
[BlackTeamCountry "POL"]

{[%evp 18,113,59,56,71,71,83,91,87,88,87,82,84,81,93,89,105,102,114,99,121,120,117,116,132,130,128,130,193,187,209,207,199,112,133,132,102,104,121,140,185,146,283,296,295,298,290,276,275,279,264,275,278,266,275,277,290,292,340,347,374,385,443,437,609,590,568,581,633,635,578,573,581,577,539,537,655,650,633,645,683,666,1248,1233,1462,933,1148,912,29972,7910,29991,1719,29984,29985,29990,29991,29991,29990]} 1. d4 c5 2. d5 Nf6 3. Nc3 g6 4. e4 d6 5. Bb5+ Nbd7 6. a4 Bg7 7. Nf3 O-O 8. h3 {A43: Schmid Benoni} (8. O-O Ne8 9. Re1 Nc7 10. Bf1 a6 11. Bf4 Rb8 12. e5 dxe5 13. Nxe5 Nxe5 14. Bxe5 Bxe5 15. Rxe5 b5 16. axb5 axb5 17. Qe1 b4 18. Na4 {0-1 (40) Alonso Rosell,A (2540)-Bachmann,A (2610) Barcelona 2016}) 8... a6 9. Be2 Qc7 10. O-O {LiveBook: 3 Games. White is slightly better.} Re8 $146 ({Predecessor:} 10... Rb8 11. Nd2 Ne8 12. Ra3 e5 13. g4 Qd8 14. Na2 Bf6 15. c4 Be7 16. Rg3 Ng7 17. Nc3 {½-½ (45) Beltran,C (2176)-Morales,J (2397) Cali 2018}) 11. Re1 Ne5 12. Nxe5 dxe5 13. a5 Bd7 14. b3 Red8 15. Bg5 Rac8 16. Qd2 Be8 17. Qe3 h5 18. Bc4 Qd6 19. Nd1 {[%cal Bc3d1,Bd1b2,Bb2d3][%mdl 32]} Bb5 20. Nb2 Nh7 21. Bh4 Bf6 22. Bg3 Bg5 {[#]} (22... Nf8 $16 {is a better defense.}) 23. Qe2 $1 $18 Bd7 24. Nd3 f6 25. Qf1 (25. Rf1 $18) 25... Bd2 $16 26. f4 Bc3 27. Qe2 Bb5 28. Rab1 Kg7 29. fxe5 Bxe5 (29... fxe5 $16 30. Rf1 Rf8) 30. Nxe5 $18 fxe5 31. Bxb5 axb5 32. Qxb5 Rc7 33. Ra1 Ra8 34. Qd3 Nf6 35. Qe3 Nd7 36. c4 Rcc8 37. Reb1 Kh7 38. Be1 Qf6 39. Bd2 Qg7 40. b4 cxb4 41. Rxb4 b6 42. Rbb1 bxa5 43. Rb7 Nc5 44. Rb5 Nd7 45. c5 {[%cal Bc4c5,Bc5c6][%mdl 32]} a4 46. c6 Nf6 47. Rb7 Ng8 48. Bc3 a3 49. Qg3 Ra4 50. Bxe5 Qh6 51. Re1 a2 52. Bc3 {[#] Threatens to win with Qe5.} Rca8 53. Qe5 {[%csl Gc3][%cal Re5h8]} g5 54. Ba1 (54. Rf1 $142 a1=Q 55. Rxe7+ Nxe7 56. Qxe7+ (56. Bxa1 Rxa1 57. Rxa1 Rxa1+ 58. Qxa1 Qd6 $16) 56... Kg8 57. Qf7# (57. Rxa1 Rxa1+ 58. Bxa1 Rxa1+ 59. Kh2 g4 $11)) 54... Rf8 55. d6 {[%cal Bd5d6,Bd6e7][%mdl 32] White mates.} g4 56. dxe7 {[%cal Re7f8]} Re8 57. Rf1 {Precision: White = 85%, Black = 35%.} 1-0

[Event "ESTCC U50 2018"]
[Site "Walbrzych"]
[Date "2018.04.14"]
[Round "1"]
[White "Grabuzova, Tatiana"]
[Black "Pastor Alonso De Prado, Alberto"]
[Result "1-0"]
[WhiteElo "2311"]
[BlackElo "2162"]
[Annotator "NA"]
[PlyCount "105"]
[EventDate "2018.??.??"]
[EventCountry "POL"]
[SourceTitle "playchess.com"]
[Source "ChessBase"]
[SourceQuality "1"]
[WhiteTeam "Russia"]
[BlackTeam "Spain"]
[WhiteTeamCountry "RUS"]
[BlackTeamCountry "ESP"]
[TimeControl "40/5400+30:1800+30"]

1. d4 {[%emt 0:00:00]} d5 {[%emt 0:00:35]} 2. c4 {[%emt 0:00:00]} e6 {[%emt 0:00:08]} 3. Nc3 {[%emt 0:01:04]} Be7 {[%emt 0:00:54]} 4. Bf4 {[%emt 0:04:59]} Nf6 {[%emt 0:00:38]} 5. e3 {[%emt 0:01:27]} O-O {[%emt 0:00:11]} 6. a3 {[%emt 0:02:35]} c5 {[%emt 0:00:34]} 7. dxc5 {[%emt 0:03:36]} Bxc5 {[%emt 0:00:09]} 8. Nf3 {[%emt 0:00:31]} Nc6 {[%emt 0:00:27]} 9. Be2 {[%emt 0:07:44]} Bb6 {[%emt 0:07:56]} 10. O-O {[%emt 0:10:39]} d4 {[%emt 0:01:17]} 11. exd4 {[%emt 0:11:31]} Nxd4 {[%emt 0:00:07]} 12. Nxd4 {[%emt 0:07:29]} Bxd4 {[%emt 0:08:14]} 13. Nb5 {[%emt 0:02:55]} Bxb2 {[%emt 0:01:00]} 14. Rb1 {[%emt 0:01:29]} e5 {[%emt 0:00:29]} 15. Be3 {[%emt 0:00:38]} Bd4 {[%emt 0:01:18]} 16. Nxd4 {[%emt 0:02:08]} exd4 {[%emt 0:00:06]} 17. Qxd4 {[%emt 0:00:18]} b6 {[%emt 0:04:24]} 18. c5 {[%emt 0:17:27]} Bf5 {[%emt 0:02:09]} 19. Rbd1 {[%emt 0:00:32]} Qxd4 {[%emt 0:01:22]} 20. Bxd4 {[%emt 0:00:21]} bxc5 {[%emt 0:03:47]} 21. Bxc5 {[%emt 0:00:17]} Rfc8 {[%emt 0:01:00]} 22. Rc1 {[%emt 0:00:58]} Rc7 {[%emt 0:04:20]} 23. Rfd1 {[%emt 0:02:26]} h5 {[%emt 0:11:14]} 24. Ba6 {[%emt 0:02:24]} Rb8 {[%emt 0:04:31]} 25. Be3 {[%emt 0:05:37]} Rxc1 {[%emt 0:05:08]} 26. Rxc1 {[%emt 0:00:03]} Nd5 {[%emt 0:03:33]} 27. Bd4 {[%emt 0:01:13]} Be6 {[%emt 0:02:12]} 28. h4 {[%emt 0:03:33]} Rb3 {[%emt 0:02:37]} 29. Ra1 {[%emt 0:00:11]} Nc7 {[%emt 0:00:19]} 30. Be2 {[%emt 0:00:42]} a5 {[%emt 0:06:53]} 31. Bxh5 {[%emt 0:01:42]} Nb5 {[%emt 0:00:11]} 32. Bc5 {[%emt 0:02:04]} Rc3 {[%emt 0:00:08]} 33. Be7 {[%emt 0:00:49]} Nd4 {[%emt 0:01:02]} 34. a4 {[%emt 0:02:49]} Nc2 {[%emt 0:01:59]} 35. Rb1 {[%emt 0:02:59]} Bb3 {[%emt 0:00:58]} 36. Bd8 {[%emt 0:00:25]} Na3 {[%emt 0:03:18]} 37. Ra1 {[%emt 0:00:58]} Nc2 {[%emt 0:00:46]} 38. Rb1 {[%emt 0:01:08]} Na3 {[%emt 0:00:05]} 39. Re1 {[%emt 0:00:39]} Bxa4 {[%emt 0:00:30]} 40. Ra1 {[%emt 0:00:00]} Bc6 {[%emt 0:01:33]} 41. Bxa5 {[%emt 0:00:55]} Rc5 {[%emt 0:00:51]} 42. Bxf7+ {[%emt 0:00:50]} Kxf7 {[%emt 0:00:08]} 43. Rxa3 {[%emt 0:00:04]} Rc4 {[%emt 0:01:09]} 44. h5 {[%emt 0:07:47]} Rg4 {[%emt 0:00:58]} 45. f3 {[%emt 0:00:55]} Rg5 {[%emt 0:17:25]} 46. g4 {[%emt 0:00:19]} Rb5 {[%emt 0:00:05]} 47. Kf2 {[%emt 0:03:11]} Kg8 {[%emt 0:02:57]} 48. Bc3 {[%emt 0:02:35]} Rb7 {[%emt 0:00:08]} 49. Ra6 {[%emt 0:00:40]} Be8 {[%emt 0:00:42]} 50. Ra8 {[%emt 0:01:15]} Kf7 {[%emt 0:00:12]} 51. Bxg7 {[%emt 0:00:52]} Rb3 {[%emt 0:00:41]} 52. Ra7+ {[%emt 0:03:57]} Kg8 {[%emt 0:00:12]} 53. Rc7 1-0

[Event "ESTCC U50 2018"]
[Site "Walbrzych"]
[Date "2018.04.14"]
[Round "1"]
[White "Rooze, Jan"]
[Black "Robertson, Ian C"]
[Result "1-0"]
[WhiteElo "2307"]
[BlackElo "2038"]
[Annotator "NA"]
[PlyCount "66"]
[EventDate "2018.??.??"]
[EventCountry "POL"]
[SourceTitle "playchess.com"]
[Source "ChessBase"]
[SourceQuality "1"]
[WhiteTeam "Belgium"]
[BlackTeam "Scotland"]
[WhiteTeamCountry "BEL"]
[BlackTeamCountry "SCO"]
[TimeControl "40/5400+30:1800+30"]

1. e4 {[%emt 0:00:00]} e6 {[%emt 0:00:09]} 2. d4 {[%emt 0:00:00]} d5 {[%emt 0:00:05]} 3. Nc3 {[%emt 0:00:00]} dxe4 {[%emt 0:00:16]} 4. Nxe4 {[%emt 0:00:00]} Bd7 {[%emt 0:00:07]} 5. Nf3 {[%emt 0:00:42]} Bc6 {[%emt 0:00:17]} 6. Bd3 {[%emt 0:00:35]} Nd7 {[%emt 0:00:30]} 7. O-O {[%emt 0:11:45]} Ngf6 {[%emt 0:01:39]} 8. Ng3 {[%emt 0:06:33]} Bxf3 {[%emt 0:01:10]} 9. Qxf3 {[%emt 0:02:09]} c6 {[%emt 0:00:48] C10: French with 3 Nc3: Unusual Black 3rd moves and 3...dxe4} 10. Re1 {[%emt 0:08:33]} (10. c4 Be7 11. b3 Qa5 12. Bc2 O-O 13. Bb2 Ba3 14. Qc3 Qxc3 15. Bxc3 a5 16. Rab1 Be7 17. Bd3 Rfd8 18. Rfd1 b6 {½-½ (66) Kosteniuk,A (2557)-Ding,Y (2424) Riadh 2017}) 10... g6 {[%emt 0:06:24]} 11. Bd2 $146 {[%emt 0:04:55]} ({Find the theoretical novelty and annotate with similar games:} 11. Bg5 h6 12. Rxe6+ fxe6 13. Bxg6+ Ke7 14. Nf5+ exf5 15. Re1+ Ne5 16. Rxe5+ Kd6 17. Re6+ Kc7 18. Bxf6 Qd7 19. Be5+ Kd8 20. Re8+ {1-0 (20) Castellanos,R (2094)-Camarena Gimenez,R (2348) Cullera 2004}) 11... Bg7 {[%emt 0:02:04]} 12. c4 {[%emt 0:04:36]} O-O {[%emt 0:08:34]} 13. Bc3 {[%emt 0:00:40]} Re8 {[%emt 0:08:24]} 14. Rad1 {[%emt 0:03:08]} Qc7 {[%emt 0:03:08]} 15. Bc2 {[%emt 0:05:18]} b5 {[%emt 0:04:12]} 16. b3 {[%emt 0:05:11]} Rac8 {[%emt 0:08:17]} 17. Re2 {[%emt 0:06:05]} Qd6 {[%emt 0:12:19]} 18. h3 {[%emt 0:04:04]} a6 {[%emt 0:03:13]} 19. Qe3 {[%emt 0:02:58]} Qa3 {[%emt 0:06:34]} 20. Bb1 {[%emt 0:07:25]} bxc4 {[%emt 0:01:52]} 21. bxc4 {[%emt 0:00:38]} Bh6 {[%emt 0:22:35]} (21... c5 $11) 22. Qxh6 {[%emt 0:02:45]} Qxc3 {[%emt 0:00:00]} 23. Rc2 {[%emt 0:10:51]} ({White should try} 23. c5 $1 $14) 23... Qb4 {[%emt 0:00:55]} 24. Qc1 $11 {[%emt 0:01:51]} Rb8 {[%emt 0:01:22]} 25. a3 {[%emt 0:00:24]} Qd6 {[%emt 0:04:16]} 26. Rc3 {[%emt 0:00:57]} Rb7 {[%emt 0:02:06]} 27. Rf3 {[%emt 0:03:29]} Kg7 {[%emt 0:01:11]} 28. h4 {[%emt 0:01:07]} h5 29. Bc2 {[%emt 0:02:19]} c5 {[%emt 0:01:22]} 30. Qa1 cxd4 {[%emt 0:00:42]} 31. Rxd4 {[%emt 0:00:35]} Qe5 {[%emt 0:00:48]} 32. Re3 {[%emt 0:00:21]} Qc5 {[%emt 0:00:32]} 33. Ne4 {[%emt 0:02:10]} Kg8 1-0

[Event "ESTCC U50 2018"]
[Site "Walbrzych"]
[Date "2018.04.14"]
[Round "1"]
[White "Mariotti, Sergio"]
[Black "Wielosz, Jaroslaw"]
[Result "1/2-1/2"]
[WhiteElo "2288"]
[BlackElo "2038"]
[Annotator "NA"]
[PlyCount "49"]
[EventDate "2018.??.??"]
[EventCountry "POL"]
[SourceTitle "playchess.com"]
[Source "ChessBase"]
[SourceQuality "1"]
[WhiteTeam "Italy"]
[BlackTeam "Poland"]
[WhiteTeamCountry "ITA"]
[BlackTeamCountry "POL"]
[TimeControl "40/5400+30:1800+30"]

1. e4 {[%emt 0:00:00]} e5 {[%emt 0:00:13]} 2. Nf3 {[%emt 0:00:00]} Nc6 {[%emt 0:00:07]} 3. Nc3 {[%emt 0:00:00]} g6 {[%emt 0:00:27]} 4. d4 {[%emt 0:00:46]} exd4 {[%emt 0:00:40]} 5. Nxd4 {[%emt 0:00:01]} Bg7 {[%emt 0:00:35]} 6. Be3 {[%emt 0:00:04]} Nf6 {[%emt 0:01:09]} 7. f3 {[%emt 0:06:44]} d6 {[%emt 0:02:24]} 8. Bb5 {[%emt 0:05:35]} Bd7 {[%emt 0:00:35]} 9. O-O {[%emt 0:01:20]} O-O {[%emt 0:02:45]} 10. Re1 {[%emt 0:00:52]} Re8 {[%emt 0:11:04]} 11. Bf2 $11 {[%emt 0:24:04]} h6 {[%emt 0:17:30]} 12. Qd2 {[%emt 0:07:56]} a6 {[%emt 0:06:30]} 13. Bf1 {[%emt 0:01:22]} Nxd4 {[%emt 0:03:14]} 14. Bxd4 {[%emt 0:00:06]} Bc6 {[%emt 0:00:52]} 15. Rad1 {[%emt 0:11:31]} Nd7 {[%emt 0:05:40]} 16. Bxg7 {[%emt 0:16:43]} Kxg7 {[%emt 0:00:12]} 17. f4 {[%emt 0:01:44]} Qf6 {[%emt 0:03:38]} 18. g3 {[%emt 0:00:22]} Rad8 {[%emt 0:07:47]} 19. Bg2 {[%emt 0:00:56]} Nc5 {[%emt 0:11:12]} 20. b3 {[%emt 0:05:31]} a5 {[%emt 0:02:07]} 21. a4 {[%emt 0:01:38]} Kh7 {[%emt 0:03:38]} 22. Re3 {[%emt 0:00:58]} Qg7 {[%emt 0:04:54]} 23. Rde1 {[%emt 0:02:11]} Rd7 {[%emt 0:03:54]} 24. h4 {[%emt 0:03:59]} h5 {[%emt 0:01:23]} 25. Qf2 1/2-1/2

[Event "ESTCC U50 2018"]
[Site "Walbrzych"]
[Date "2018.04.14"]
[Round "1"]
[White "Lewis, Andrew P"]
[Black "Pietinen, Pekka"]
[Result "1-0"]
[WhiteElo "2279"]
[BlackElo "1983"]
[Annotator "NA"]
[PlyCount "83"]
[EventDate "2018.??.??"]
[EventCountry "POL"]
[SourceTitle "playchess.com"]
[Source "ChessBase"]
[SourceQuality "1"]
[WhiteTeam "England"]
[BlackTeam "Finland"]
[WhiteTeamCountry "ENG"]
[BlackTeamCountry "FIN"]
[TimeControl "40/5400+30:1800+30"]

1. Nf3 {[%emt 0:00:00]} g6 {[%emt 0:00:51]} 2. c4 {[%emt 0:00:07]} Bg7 {[%emt 0:01:35]} 3. Nc3 {[%emt 0:01:16]} d6 {[%emt 0:01:04]} 4. d4 {[%emt 0:00:32]} Nf6 {[%emt 0:00:37]} 5. e4 {[%emt 0:00:15]} Nbd7 {[%emt 0:04:54]} 6. Be2 {[%emt 0:01:27]} c6 {[%emt 0:04:00]} 7. O-O {[%emt 0:01:43]} e5 {[%emt 0:02:53]} 8. d5 {[%emt 0:08:02]} c5 {[%emt 0:06:13]} 9. a3 {[%emt 0:03:08] E90: King's Indian: Classical: Early deviations and 6 h3} O-O {[%emt 0:09:49]} 10. Bg5 {[%emt 0:01:50]} (10. Ne1 Ne8 11. Nd3 f5 12. f3 f4 13. b4 b6 14. Bd2 h5 15. Rb1 g5 16. bxc5 dxc5 {0-1 (38) Wagner,D (2575)-Movsesian,S (2658) Berlin 2015}) 10... h6 {[%emt 0:02:08]} 11. Bh4 {[%emt 0:00:13]} Nb8 $146 {[%emt 0:09:56]} ({Find the theoretical novelty and annotate with similar games:} 11... a6 12. Nd2 Qc7 13. Qc2 h5 14. b4 Bh6 15. Bxf6 Nxf6 16. bxc5 Qxc5 17. Nb3 Qc7 18. a4 Bd7 {1-0 (48) Bellini,F (2503)-Vezzosi,P (2371) Reggio Emilia 2004}) 12. Nd2 {[%emt 0:01:57]} Qd7 {[%emt 0:03:48]} 13. b4 {[%emt 0:04:47]} Na6 {[%emt 0:00:47]} 14. Rb1 {[%emt 0:08:36]} Nh7 {[%emt 0:04:45]} 15. f3 {[%emt 0:02:57]} f5 {[%emt 0:05:41]} 16. Bf2 {[%emt 0:03:03]} b6 {[%emt 0:00:36]} 17. Bd3 {[%emt 0:01:33]} f4 {[%emt 0:02:29]} 18. Bc2 {[%emt 0:02:32]} Qe7 {[%emt 0:06:23]} 19. Ba4 {[%emt 0:00:24]} Bd7 {[%emt 0:00:47]} 20. Bc6 {[%emt 0:05:51]} Rad8 {[%emt 0:06:46]} 21. Bxd7 {[%emt 0:05:51]} Qxd7 {[%emt 0:00:33]} 22. Qa4 {[%emt 0:00:13]} Qxa4 {[%emt 0:06:56]} 23. Nxa4 {[%emt 0:00:14]} Nf6 {[%emt 0:00:10]} 24. Nc3 {[%emt 0:04:48]} Rf7 {[%emt 0:03:20]} 25. bxc5 {[%emt 0:01:00]} dxc5 {[%emt 0:01:01]} 26. Nd1 {[%emt 0:02:08]} Ne8 {[%emt 0:01:14]} 27. Nb2 {[%emt 0:00:27]} Bf8 {[%emt 0:02:18]} 28. Nd3 {[%emt 0:00:48]} Bd6 {[%emt 0:00:09]} 29. Rb3 {[%emt 0:01:05]} Kg7 {[%emt 0:04:31]} 30. Nb1 {[%emt 0:01:20]} Kf6 {[%emt 0:00:37]} 31. Nc3 {[%emt 0:01:06]} Nec7 {[%emt 0:02:16]} 32. Rc1 {[%emt 0:02:23]} g5 {[%emt 0:00:52]} 33. Nb5 {[%emt 0:01:10]} Nxb5 {[%emt 0:01:36]} 34. cxb5 {[%emt 0:00:07]} Nc7 {[%emt 0:00:30]} 35. Nb2 {[%emt 0:00:16]} Ne8 {[%emt 0:01:34]} 36. Nc4 {[%emt 0:05:53]} Bc7 {[%emt 0:01:03]} 37. Be1 {[%emt 0:01:15]} Re7 $14 {[%emt 0:02:15]} 38. a4 {[%emt 0:02:44]} Nd6 {[%emt 0:00:14]} 39. Kf1 {[%emt 0:00:13]} Rg8 {[%emt 0:01:19]} 40. a5 {[%emt 0:00:00]} Reg7 {[%emt 0:01:08]} 41. Nxe5 {[%emt 0:07:05]} Kxe5 {[%emt 0:01:00]} 42. Bc3# 1-0

[Event "ESTCC U50 2018"]
[Site "Walbrzych"]
[Date "2018.04.14"]
[Round "1"]
[White "Fatalibekova, Elena"]
[Black "De la Orden Alcocer, Alejandro"]
[Result "1-0"]
[WhiteElo "2195"]
[BlackElo "2013"]
[Annotator "NA"]
[PlyCount "59"]
[EventDate "2018.??.??"]
[EventCountry "POL"]
[SourceTitle "playchess.com"]
[Source "ChessBase"]
[SourceQuality "1"]
[WhiteTeam "Russia"]
[BlackTeam "Spain"]
[WhiteTeamCountry "RUS"]
[BlackTeamCountry "ESP"]
[TimeControl "40/5400+30:1800+30"]

1. d4 {[%emt 0:00:00]} g6 {[%emt 0:18:36]} 2. e4 {[%emt 0:00:06]} c6 {[%emt 0:00:26]} 3. c4 {[%emt 0:01:48]} d5 {[%emt 0:00:36]} 4. e5 {[%emt 0:05:25]} Bg7 {[%emt 0:00:20]} 5. Nc3 {[%emt 0:00:14]} Nh6 {[%emt 0:03:43]} 6. Bf4 {[%emt 0:19:14]} f6 {[%emt 0:04:01]} 7. exf6 {[%emt 0:10:53]} exf6 {[%emt 0:00:43]} 8. cxd5 {[%emt 0:02:54]} O-O {[%emt 0:04:38]} 9. Bc4 {[%emt 0:02:18]} Re8+ {[%emt 0:00:31]} 10. Nge2 {[%emt 0:00:02]} Kh8 {[%emt 0:03:34]} 11. O-O {[%emt 0:00:35]} Bg4 {[%emt 0:01:49]} 12. f3 {[%emt 0:00:47]} Bd7 {[%emt 0:04:06]} 13. dxc6 {[%emt 0:04:50]} Nxc6 {[%emt 0:00:55]} 14. Ne4 {[%emt 0:11:42]} Nf5 {[%emt 0:09:41]} 15. g4 {[%emt 0:01:08]} Nfxd4 {[%emt 0:01:55]} 16. Nxd4 {[%emt 0:02:37]} Qb6 {[%emt 0:00:03]} 17. Be3 {[%emt 0:04:58]} Qxb2 {[%emt 0:17:33]} 18. Rb1 {[%emt 0:02:39]} Qa3 {[%emt 0:01:34]} 19. Nc2 {[%emt 0:01:19]} Qe7 {[%emt 0:05:45]} 20. Bc5 {[%emt 0:02:41]} Qd8 {[%emt 0:00:41]} 21. Nd6 {[%emt 0:01:22]} Ne5 {[%emt 0:01:24]} 22. f4 {[%emt 0:07:08]} Qc7 {[%emt 0:00:26]} 23. Qd4 {[%emt 0:01:16]} Nxc4 {[%emt 0:11:10]} 24. Rxb7 {[%emt 0:00:20]} Qc6 {[%emt 0:05:21]} 25. Nf7+ {[%emt 0:00:23]} Kg8 {[%emt 0:00:04]} 26. Rxd7 {[%emt 0:00:41]} Qe6 {[%emt 0:03:00]} 27. f5 {[%emt 0:01:11]} Qe2 {[%emt 0:00:21]} 28. Rf2 {[%emt 0:00:21]} Qe4 {[%emt 0:00:34]} 29. Ng5 {[%emt 0:05:59]} Qc6 {[%emt 0:00:52]} 30. Qxc4+ {[%emt 0:00:11]} 1-0

[Event "ESTCC U50 2018"]
[Site "Walbrzych"]
[Date "2018.04.14"]
[Round "1"]
[White "Viljava, Tapani"]
[Black "Kowalczuk, Wojciech"]
[Result "1/2-1/2"]
[WhiteElo "2162"]
[BlackElo "2049"]
[Annotator "NA"]
[PlyCount "134"]
[EventDate "2018.??.??"]
[EventCountry "POL"]
[SourceTitle "playchess.com"]
[Source "ChessBase"]
[SourceQuality "1"]
[WhiteTeam "Finland"]
[BlackTeam "Poland"]
[WhiteTeamCountry "FIN"]
[BlackTeamCountry "POL"]
[TimeControl "40/5400+30:1800+30"]

1. e4 {[%emt 0:00:44]} c5 {[%emt 0:04:36]} 2. Nf3 {[%emt 0:00:23]} Nc6 {[%emt 0:00:09]} 3. Bb5 {[%emt 0:00:54]} g6 {[%emt 0:01:07]} 4. O-O {[%emt 0:03:37]} Bg7 {[%emt 0:00:30]} 5. c3 {[%emt 0:00:42]} Qb6 {[%emt 0:06:31]} 6. a4 {[%emt 0:15:47]} a6 {[%emt 0:06:18]} 7. Bxc6 {[%emt 0:04:33]} Qxc6 {[%emt 0:01:30]} 8. Re1 {[%emt 0:03:01]} Nf6 {[%emt 0:06:01]} 9. d4 {[%emt 0:02:06]} d6 $14 {[%emt 0:01:15]} 10. d5 {[%emt 0:16:27]} Qc7 {[%emt 0:01:57]} 11. a5 {[%emt 0:00:52]} O-O {[%emt 0:02:44]} 12. Nbd2 {[%emt 0:01:24]} Bd7 {[%emt 0:04:21]} 13. Nc4 {[%emt 0:03:48]} Rad8 {[%emt 0:01:22]} 14. h3 {[%emt 0:11:02]} e5 {[%emt 0:15:52]} 15. Nb6 {[%emt 0:14:37]} h6 {[%emt 0:02:36]} 16. Bd2 {[%emt 0:03:13]} Be8 {[%emt 0:05:59]} 17. b4 {[%emt 0:04:49]} Nd7 {[%emt 0:01:33]} 18. Nxd7 {[%emt 0:01:44]} Bxd7 {[%emt 0:01:20]} 19. Be3 {[%emt 0:00:14]} f5 {[%emt 0:02:42]} 20. bxc5 {[%emt 0:00:18]} dxc5 {[%emt 0:01:04]} 21. Qb3 {[%emt 0:01:30]} Kh7 {[%emt 0:06:08]} 22. Reb1 {[%emt 0:00:23]} f4 {[%emt 0:00:48]} 23. Bc1 {[%emt 0:00:50]} Bc8 {[%emt 0:02:20]} 24. Qc4 {[%emt 0:01:50]} Rf6 {[%emt 0:01:26]} 25. Nd2 {[%emt 0:00:23]} Bd7 {[%emt 0:09:01]} 26. Qb3 {[%emt 0:01:26]} Rb8 {[%emt 0:00:22]} 27. f3 {[%emt 0:00:58]} b5 {[%emt 0:00:39]} 28. axb6 {[%emt 0:00:19]} Rfxb6 {[%emt 0:00:12]} 29. Qa2 {[%emt 0:00:51]} Rxb1 {[%emt 0:01:46]} 30. Rxb1 {[%emt 0:00:11]} Rxb1 {[%emt 0:00:49]} 31. Qxb1 {[%emt 0:00:47]} Qa5 {[%emt 0:01:27]} 32. Qb2 {[%emt 0:00:40]} c4 {[%emt 0:03:45]} 33. Qb4 {[%emt 0:03:05]} Qxb4 {[%emt 0:02:40]} 34. cxb4 {[%emt 0:00:01]} Bb5 {[%emt 0:00:20]} 35. Bb2 {[%emt 0:00:16]} Bf8 {[%emt 0:01:48]} 36. Bc3 {[%emt 0:00:05]} Bd6 {[%emt 0:01:53]} 37. Kf2 {[%emt 0:01:03]} g5 {[%emt 0:01:01]} 38. Nb1 {[%emt 0:00:42]} Kg6 {[%emt 0:00:25]} 39. g4 {[%emt 0:01:13]} fxg3+ {[%emt 0:01:11]} 40. Kxg3 {[%emt 0:00:00]} Kf6 {[%emt 0:00:32]} 41. Nd2 {[%emt 0:02:46]} Bc7 {[%emt 0:03:11]} 42. h4 {[%emt 0:08:32]} Bb6 {[%emt 0:00:40]} 43. hxg5+ {[%emt 0:00:44]} hxg5 {[%emt 0:00:02]} 44. Nb1 {[%emt 0:01:17]} Bd4 {[%emt 0:10:15]} 45. Bd2 {[%emt 0:00:36]} Bd7 {[%emt 0:01:29]} 46. Nc3 {[%emt 0:01:30]} Kg6 {[%emt 0:01:31]} 47. Ne2 {[%emt 0:02:22]} Bb5 {[%emt 0:01:55]} 48. Bc3 {[%emt 0:04:51]} Bxc3 {[%emt 0:01:43]} 49. Nxc3 {[%emt 0:00:01]} Bd7 {[%emt 0:01:37]} 50. Kf2 {[%emt 0:00:58]} Kf6 {[%emt 0:01:40]} 51. Ke3 {[%emt 0:00:21]} Ke7 {[%emt 0:03:07]} 52. Ne2 {[%emt 0:07:06]} Bh3 {[%emt 0:02:12]} 53. Kd2 {[%emt 0:02:29]} Bg2 {[%emt 0:00:10]} 54. Ng1 {[%emt 0:00:30]} Kd6 {[%emt 0:01:41]} 55. Ke2 {[%emt 0:01:47]} g4 {[%emt 0:01:02]} 56. Ke3 {[%emt 0:01:21]} gxf3 {[%emt 0:00:57]} 57. Nxf3 {[%emt 0:00:07]} c3 {[%emt 0:00:35]} 58. Ne1 {[%emt 0:02:51]} Bf1 {[%emt 0:00:53]} 59. Kf2 {[%emt 0:01:21]} c2 {[%emt 0:04:55]} 60. Nxc2 {[%emt 0:00:17]} Bd3 {[%emt 0:00:02]} 61. Ne3 {[%emt 0:01:16]} Bxe4 {[%emt 0:00:03]} 62. Ke2 {[%emt 0:00:24]} Bxd5 {[%emt 0:00:04]} 63. Kd3 {[%emt 0:00:10]} Kc6 {[%emt 0:00:50]} 64. Ng4 {[%emt 0:00:25]} Kb5 {[%emt 0:01:45]} 65. Nxe5 {[%emt 0:00:09]} Kxb4 {[%emt 0:00:13]} 66. Kc2 {[%emt 0:00:22]} a5 {[%emt 0:00:42]} 67. Kb2 {[%emt 0:00:24]} a4 1/2-1/2